000 00523nam a22001931 4500
001 bimo0000773299
003 OSt
005 20140826213005.0
008 900725s1967 sp spa
040 _aSpMaBN
_cBMC
082 _a875
100 _9441
_aDemóstenes
245 1 0 _aAntología de discursos
_cDemóstenes ; [traducción y notas de Pedro M. Voltes Bou]
260 0 _aMadrid
_bEspasa-Calpe
_c1967
300 _a152 p.
_c17 cm
490 0 _aAustral
_v1392
700 _aVoltes Bou, Pedro
_9955
942 _2ddc
_cBK
999 _c802
_d802